| 000 | 00957nas a2200277 4500 | ||
|---|---|---|---|
| 001 | BR9201743 | ||
| 003 | BR-BrBNA | ||
| 005 | 20231205092438.0 | ||
| 007 | ta | ||
| 008 | 230509b bl.|||p| |||| 00| 00por d | ||
| 040 |
_aBR-BrBNA _bpor _cBiblioteca Nacional de Agricultura |
||
| 041 | _a(Pt) | ||
| 072 | _aH10; H20 | ||
| 100 | 1 | _aVendramin, J.D. | |
| 100 | 1 | _aSilva, F.C. da | |
| 100 | 1 | _aCesar, M.A.A. | |
| 100 | 1 | _aCamargo, A.P. de | |
| 245 | 1 | _aIntensidade de dano: um novo indice para avaliacao do complexo broca-podridoes em cultivares de cana-de-acucar | |
| 246 | 1 | _aIntensity of damage: a new index for evaluation of the borer-rot complex on sugarcane cultivars | |
| 650 | _aCANA DE ACUCAR | ||
| 650 | _aBROCA | ||
| 650 | _aPODRIDAO VERMELHA | ||
| 773 | 0 |
_tAnais da Sociedade Entomologica do Brasil (Brazil) _xISSN 0301-8059 _g(1991), v. 20(2) p. 319-331 _wBR9201743 |
|
| 909 |
_a202311 _bLúcia _c55 _dLúcia Elande |
||
| 942 |
_2AGRIS _n0 _cANA |
||
| 999 |
_c131754 _d131754 |
||